| 000 | 005060000a22001930004500 | ||
|---|---|---|---|
| 001 | 001091 | ||
| 003 | MACL | ||
| 005 | 20151027113520.0 | ||
| 008 | 151027b xxu||||| |||| 00| 0 eng d | ||
| 040 |
_aMACL _cNavjivan Publishing House, |
||
| 041 | _aEnglish | ||
| 082 | _a954.04/PYE | ||
| 100 |
_aPyarelal, _914107 |
||
| 245 |
_aMahatma Gandhi V-9 _bThe Last Phase _cPyarelal |
||
| 260 |
_aAhmedabad _c1997 _bNavjivan Publishing House, |
||
| 350 | _a300 | ||
| 650 |
_a History _916861 |
||
| 942 |
_k954 _cBK _2ddc |
||
| 999 |
_c1086 _d1086 |
||